SÚČASNOSŤ A PERSPEKTÍVY SLOVENSKÉHO MLIEKÁRSTVA

Bibliographic Details
Main Author: Herian, Karol, 1942-2025 (Author)
Format: Article
Language:Slovak

MARC

LEADER 00000nab a2200000 a 4500
001 vtls010721237
003 SK-MaSNL
005 20260305001818.0
008 250709s1997 xo |||||||||||||||||slo|
035 |a (urnnbn)urn:nbn:sk:snk:ar-a04roe 
035 |a (uuid)5dd56a3a-4543-47c4-bf29-38f8882cea3f 
035 |a urn:nbn:sk:snk-ab3m4k 
040 |a SNKBUCL  |b slo  |c SNKBUCL  |e AACR2 
041 0 |a slo 
044 |a xo  |c SK 
100 1 |a Herian, Karol,  |d 1942-2025  |4 aut  |9 188511 
245 1 0 |a SÚČASNOSŤ A PERSPEKTÍVY SLOVENSKÉHO MLIEKÁRSTVA  |c K. Herian 
773 0 |t Mliekarstvo : bulletin pre internú potrebu výrobcov a spracovateľov mlieka  |g Roč. 28, č. 3 (1997), s. 5-9 
850 |a Slovenská národná knižnica 
852 |a Slovenská národná knižnica 
954 |a odborná, vedecká literatúra pôvodná (slovenská)  |2 lita 
958 |a article1 
958 |a OND 
958 |a EUIPO 
999 |c 3221386  |d 3223316